Současné typy úsporných nevratných palet I.

Väšina používaných paliet na svete sa stále vyrába z dreva. Veľký potenciál majú aj transformované materiály lignocelulózovej bázy ako vlnitá lepenka, vinuté trubice, lepenkové profily či voštiny. Začínajú ich využívať veľké firmy ako IKEA alebo General Electric. Charakteristika paliet IKEA. Hlavné...

Ausführliche Beschreibung

Gespeichert in:
Bibliographische Detailangaben
1. Verfasser: Vítek, Miloslav
Format: Buchkapitel
Sprache:Tschechisch
Schlagworte:
Tags: Tag hinzufügen
Keine Tags, Fügen Sie das erste Tag hinzu!

MARC

LEADER 00000naa a2200000 4500
001 0229443
005 20221104111711.3
041 0 |a cze 
044 |a CZ 
245 1 0 |a Současné typy úsporných nevratných palet I.  |c Miloslav Vítek 
520 |a Väšina používaných paliet na svete sa stále vyrába z dreva. Veľký potenciál majú aj transformované materiály lignocelulózovej bázy ako vlnitá lepenka, vinuté trubice, lepenkové profily či voštiny. Začínajú ich využívať veľké firmy ako IKEA alebo General Electric. Charakteristika paliet IKEA. Hlavné výhody lepenkových paliet. 
610 2 0 |a palety 
610 2 0 |a balenie 
610 2 0 |a preprava 
610 2 0 |a papier 
610 2 0 |a manipulácia s tovarom 
610 2 0 |a ekológia 
100 1 |a Vítek, Miloslav